| 000 | 01795nam a2200253 a 4500 | ||
|---|---|---|---|
| 090 |
_aIAVH _b00652 |
||
| 041 | _aspa | ||
| 100 |
_aSilva Garnica, Silva _911158 |
||
| 245 | _aGuía ambiental del sector apícola | ||
| 260 |
_aBogotá _bInstituto Alexander von Humboldt _c2005 |
||
| 300 | _a91 p. | ||
| 520 | _aEl primer capítulo incluye algunas generalidades de la apicultura en Colombia: características de las abejas Apis mellifera; comportamiento de las abejas Apis mellifera; antecedentes de la apicultura en Colombia; desarrollo de la actividad apícola en Colombia. El segundo capítulo expone el marco legal de la apicultura: marco legal general; Constitución Política de Colombia; Leyes, Decretos y Resoluciones de índole ambiental; marco legal específico .El tercer capítulo analiza la planeación y gestión ambiental en apicultura: comunicación, divulgación y promoción.El cuarto, describe el proceso productivo apícola: fase de producción o campo, beneficio de los productos apícolas (miel, polen, propoleo). El quinto capítulo analiza el manejo ambiental en apicultura en el proceso productivo agrícola y el beneficio de los productos apícolas. El sexto capítulo muestra los resultados del monitoreo, seguimiento y evaluación del proceso productivo apícola. El último capítulo analiza la conservación de la biodiversidad en apicultura | ||
| 650 |
_aBiodiversidad _992204 |
||
| 650 |
_aConservación _992401 |
||
| 650 |
_aApicultura _9206 |
||
| 650 |
_aLegislación ambiental _992309 |
||
| 650 |
_aEtología _97606 |
||
| 650 |
_aCaracterización biológica _92833 |
||
| 650 |
_aBeneficio de productos apícolas _911163 |
||
| 650 |
_aConstitución Política Colombiana _911164 |
||
| 650 |
_aMiel _992600 |
||
| 650 |
_aPolen _92547 |
||
| 650 |
_aPropoleo _911165 |
||
| 999 |
_c6154 _d6154 |
||